000 00824cam a22002773a 4500
001 1177
003 PGUSA
005 20140828082957.0
008 980101s1998||||xxu|||||s|||||000 | eng d
040 _aPGUSA
_beng
042 _adc
050 4 _aB
050 4 _aPA
100 1 _aXenophon,
_d-431--355
245 1 4 _aThe Memorabilia
_h[electronic resource] /
_cXenophon
260 _bProject Gutenberg,
_c1998
506 _aPublic domain in the USA.
516 _aElectronic text
653 _aSocrates -- Trials, litigation, etc. -- Early works to 1800
653 _aClassical literature
653 _aPhilosophers, Ancient -- Biography -- Early works to 1800
700 1 _aDakyns, Henry Graham,
_d1838-1911
830 0 _aProject Gutenberg
_v1177
856 4 0 _uhttp://www.gutenberg.org/ebooks/1177
942 _cEB
999 _c230525
_d230525